MARC details
| 000 -CABECERA |
| campo de control de longitud fija |
01332nam a2200301 a 4500 |
| 001 - NÚMERO DE CONTROL |
| campo de control |
000036280 |
| 003 - IDENTIFICADOR DEL NÚMERO DE CONTROL |
| campo de control |
OSt |
| 005 - FECHA Y HORA DE LA ÚLTIMA TRANSACCIÓN |
| campo de control |
20250710141410.0 |
| 008 - DATOS DE LONGITUD FIJA--INFORMACIÓN GENERAL |
| campo de control de longitud fija |
120112s1993 dr a 000 0 spa d |
| 040 ## - FUENTE DE LA CATALOGACIÓN |
| Centro catalogador/agencia de origen |
DO-SdBNP |
| Lengua de catalogación |
spa |
| Centro/agencia transcriptor |
DO-SdBNP |
| 082 ## - NÚMERO DE LA CLASIFICACIÓN DECIMAL DEWEY |
| Número de clasificación |
510 |
| Número de documento/Ítem |
B142m 1993 |
| 100 1# - ENTRADA PRINCIPAL--NOMBRE DE PERSONA |
| Nombre de persona |
Báez de Erazo, Melba |
| 9 (RLIN) |
37061 |
| 245 10 - MENCIÓN DE TÍTULO |
| Título |
Matemática básica I / |
| Mención de responsabilidad, etc. |
Melba Báez de Erazo, Reyita Taveras de Frías. |
| 250 ## - MENCIÓN DE EDICIÓN |
| Mención de edición |
10. ed. |
| 260 ## - PUBLICACIÓN, DISTRIBUCIÓN, ETC. |
| Lugar de publicación, distribución, etc. |
Santo Domingo : |
| Nombre del editor, distribuidor, etc. |
Universidad Autónoma de Santo Domingo, |
| Fecha de publicación, distribución, etc. |
1993. |
| 300 ## - DESCRIPCIÓN FÍSICA |
| Extensión |
338 p. ; |
| Dimensiones |
21 cm. |
| 490 1# - MENCIÓN DE SERIE |
| Mención de serie |
Publicaciones de la Universidad Autónoma de Santo Domingo |
| -- |
Ciencia y tecnología ; |
| Designación de volumen o secuencia |
11/281 |
| 500 ## - NOTA GENERAL |
| Nota general |
Incluye datos biográficos del autora en la contracubierta |
| 505 0# - NOTA DE CONTENIDO CON FORMATO |
| Nota de contenido con formato |
Contenido: |
| Título |
Introducción a la lógica. -- |
| -- |
Introducción a la teoría de conjuntos. -- |
| -- |
Conjuntos numéricos y operaciones. -- |
| -- |
Números complejos. -- |
| -- |
Estructuras algebráicas. -- |
| -- |
Ecuaciones e inecuaciones |
| 590 ## - NOTA LOCAL (RLIN) |
| Nota local |
Inventariado, 2020/VM |
| 650 #0 - PUNTO DE ACCESO ADICIONAL DE MATERIA--TÉRMINO DE MATERIA |
| Término de materia o nombre geográfico como elemento de entrada |
Matemáticas |
| Subdivisión general |
Problemas, ejercicios,etc |
| 9 (RLIN) |
1258 |
| 650 #7 - PUNTO DE ACCESO ADICIONAL DE MATERIA--TÉRMINO DE MATERIA |
| Término de materia o nombre geográfico como elemento de entrada |
Teoría de conjuntos |
| Subdivisión general |
Problemas, ejercicios,etc |
| 9 (RLIN) |
19474 |
| 700 1# - PUNTO DE ACCESO ADICIONAL--NOMBRE DE PERSONA |
| Nombre de persona |
Taveras de Frías, Reyita |
| 9 (RLIN) |
37771 |
| 830 #0 - PUNTO DE ACCESO ADICIONAL DE SERIE-TÍTULO UNIFORME |
| Título uniforme |
Publicaciones de la Universidad Autónoma de Santo Domingo |
| Número de parte o sección de la obra |
11/281 |
| 9 (RLIN) |
62398 |
| 910 ## - DATOS DE OPCIÓN DEL USUARIO (OCLC) |
| Datos de opción del usuario |
Control de calidad. EMS |
| 942 ## - ELEMENTOS DE PUNTO DE ACCESO ADICIONAL (KOHA) |
| Fuente del sistema de clasificación o colocación |
Dewey Decimal Classification |
| Tipo de ítem Koha |
Libro |
| 956 ## - LOCALIZACIÓN Y ACCESO ELECTRÓNICOS LOCAL (OCLC) |
| Nombre del host |
VMateo |